|
|
|
|
| LEADER |
00964cam a2200265 7i4500 |
| 001 |
0000099272 |
| 005 |
20231126090000.0 |
| 008 |
231126s2009 my a ### #00001eng## |
| 020 |
# |
# |
|a 9789832963806
|
| 040 |
# |
# |
|a UMT
|b eng
|c UMT
|d Malcat
|e rda
|
| 090 |
0 |
0 |
|a DS 596.5
|b .H8 2009
|
| 100 |
0 |
# |
|a Hussain Othman
|e author
|
| 245 |
1 |
0 |
|a Malay historical thought
|c Hussain Othman.
|
| 264 |
# |
1 |
|a Batu Pahat, Johor:
|b Penerbit UTHM,
|c 2009
|
| 300 |
# |
# |
|a xi, 250 pages:
|b illustrations;
|c 23 cm
|
| 336 |
# |
# |
|a text --
|2 rdacontent
|
| 337 |
# |
# |
|a unmediated --
|2 rdamedia
|
| 338 |
# |
# |
|a volume --
|2 rdacarrier
|
| 504 |
# |
# |
|a Includes bibliographical references and index
|
| 590 |
# |
# |
|a Pusat Pendidikan Asas dan Liberal
|
| 590 |
# |
# |
|a Fakulti Pembangunan Sosial, FPS
|
| 650 |
0 |
0 |
|a Malay literature --
|x History and criticism
|
| 651 |
# |
0 |
|a Malay Archipelago --
|x History
|
| 651 |
# |
0 |
|a Malay Archipelago --
|x Historiography
|
| 999 |
|
|
|a 1100086536
|b Book
|c Open Shelf
|e KOLEKSI TERBUKA
|